Flüsse Polen-Litauens Karten-Quiz - Statistiken

Allgemein
  • Dieses Quiz wurde 44 mal gespielt
  • Das Durchschnittsergebnis liegt bei 7 aus 20
Antworten auf der Karte
Die Antworten werden auf der Karte rot bzw. grün angezeigt, abhängig davon wie oft sie richtig erraten wurden.
 
Antwortstatistiken
Antwort % Korrekt
Weichsel
78%
Memel
69%
Dnjepr
66%
Warthe
63%
Dnister
53%
Prypjat
53%
Bug
50%
Düna
50%
Neris
34%
Theiß
34%
Pruth
28%
Südlicher Bug
28%
Desna
22%
Inhulez
22%
Psel
22%
Seim
19%
Bjaresina
16%
Sosch
13%
Styr
13%
Horyn
9%
Keine übereinstimmenden Quizze gefunden
Verteilung der Resultate
Anzahl Personen mit jedem Resultat
Perzentil nach korrekt beantworteten Fragen
Ihre Resultats-Entwicklung
Sie haben dieses Quiz noch nicht gespielt